000 00699nas a2200265 4500
001 BR9201020
003 BR-BrBNA
005 20231205092335.0
007 ta
008 230509b bl.|||p| |||| 00| 00por d
040 _aBR-BrBNA
_bpor
_cBiblioteca Nacional de Agricultura
041 _a(Pt)
072 _aQ52
100 1 _aMelo, R.A. de
245 1 _aGuardar para nao perder [fenacao]
650 _aMILHO
650 _aSORGO
650 _aSILO
650 _aARMAZENAMENTO
650 _aPLANTA FORRAGEIRA
650 _aPRATICO
773 0 _tCerrado (Brazil)
_xISSN 0100-0578
_g(Sep 1969), v. 2(5) p. 7-10
_wBR9201020
909 _a202311
_bLúcia
_c55
_dLúcia Elande
942 _2AGRIS
_n0
_cANA
999 _c131045
_d131045